Perkamusan Melayu/Indonesia : suatu bibiliography . Malay/Indonesian dictionaries :

Bibliographic Details
Main Author: Zainab Awang Ngah
Corporate Author: Universiti Malaya
Format: Book
Published: Kuala Lumpur : University Malaya , 1990
Subjects:

MARC

LEADER 00000cam a2200000 7i4500
001 0000003201
002 000003458
005 20000330.0
020 |a 9679430308 
090 0 0 |a 016.499233   |b ZAI 
100 0 |a Zainab Awang Ngah 
110 1 |a Universiti Malaya   |c Perpustakaan 
245 1 0 |a Perkamusan Melayu/Indonesia :   |b suatu bibiliography .   |p Malay/Indonesian dictionaries :   |b a bibiliography   |c Zainab Awang Ngah 
260 |a Kuala Lumpur :   |b University Malaya ,   |c 1990 
300 |a 411p. ;   |c 25cm. 
650 0 0 |a Indonesian language   |x Dictionaries   |x Bibiliography 
650 0 0 |a Malay language   |x Dictionaries   |x Bibliography 
999 |a 036802   |b BUKU   |c MALAYSIANA   |e PERPUSTAKAAN KOMUNITI PETALING JAYA